| 000 | 00946cam a22002655a 4500 | ||
|---|---|---|---|
| 001 | 4803082 | ||
| 005 | 20180320114007.0 | ||
| 008 | 881104t1989 caua fr 001 0 eng d | ||
| 020 | _a0805301186 | ||
| 020 | _a9780805301182 | ||
| 040 |
_aDNLM/DLC _cDLC _dDLC _dEG-ScBUE _beng |
||
| 082 | 0 | 4 |
_a611 _222 _bCHA |
| 100 | 1 |
_aChase, Robert A. _q(Robert Arthur), _d1923- |
|
| 245 | 1 | 4 |
_aThe Bassett atlas of human anatomy / _cRobert A. Chase ; dissections by David L. Bassett ; photographs by William B. Gruber. |
| 260 |
_aRedwood City : _bBenjamin / Cummings, _cc.1989. |
||
| 300 |
_a105 p. : _bill. ; _c29 cm. |
||
| 500 | _aIncludes index. | ||
| 650 | 7 |
_aHuman anatomy _xAtlases. _2BUEsh _930178 |
|
| 653 |
_bGGEN _bNNUR _cMarch2018 |
||
| 700 | 1 |
_aBassett, David L. _q(David Lee), _d1913- |
|
| 700 | 1 |
_aGruber, William B., _ephotographer. |
|
| 906 |
_a7 _bcbc _corignew _d1 _eocip _f19 _gy-gencatlg |
||
| 942 | _2ddc | ||
| 999 |
_c26360 _d26332 |
||